Les Cultures del treball = Las Culturas del trabajo / coordinació [del catàleg] Fermín Bouza
Publicado:
Barcelona :
Centre de Cultura Contemporània de Barcelona; Diputació de Barcelona. Institut d'Edicions ,
2000
Descripción Física:
215 p. : il., text a dues columnes ; 24 cm
Otros Autores:
Bouza, Fermín
MARC
| LEADER | 00000nam a2200000Ia 4500 | ||
|---|---|---|---|
| 001 | 12612 | ||
| 008 | 160829s2000 xx 000 0 cat d | ||
| 080 | |a M-2-40 | ||
| 245 | |a Les Cultures del treball = Las Culturas del trabajo / coordinació [del catàleg] Fermín Bouza | ||
| 260 | |a Barcelona : |b Centre de Cultura Contemporània de Barcelona; Diputació de Barcelona. Institut d'Edicions, |c 2000 | ||
| 300 | |a 215 p. : |b il., text a dues columnes ; |c 24 cm | ||
| 590 | |a Aquesta exposició va ser presentada al CCCB entre el 23 de maig i el 17 de setembre del 2000 | ||
| 650 | |a Treball |x Exposicions |9 32922 | ||
| 650 | 0 | |a Contractes administratius |9 10691 | |
| 700 | 1 | |a Bouza, Fermín |9 32924 | |
| 901 | |a Arxiu | ||
| 942 | |n 1 | ||
| 952 | |0 0 |1 0 |4 0 |6 M240 |7 1 |9 46146 |a Arxiu |b Arxiu |d 2016-12-01 |l 0 |o M-2-40 |p 12612 |r 2016-12-01 00:00:00 |w 2016-12-01 |y ARXIU | ||
| 999 | |c 49648 |d 49648 | ||